The Christ of the miracle stories :Potrait through Encounter (Record no. 22560)
[ view plain ]
| 000 -LEADER | |
|---|---|
| fixed length control field | 01441cam a22001697a 4500 |
| 020 ## - INTERNATIONAL STANDARD BOOK NUMBER | |
| ISBN | 9780801039508 |
| 082 00 - DEWEY DECIMAL CLASSIFICATION NUMBER | |
| Classification number | 232.955 |
| Author Cutter | COT |
| 100 1# - MAIN ENTRY--AUTHOR NAME | |
| Author name | Cotter, Wendy, |
| 245 14 - TITLE STATEMENT | |
| Title | The Christ of the miracle stories :Potrait through Encounter |
| 260 ## - PUBLICATION, DISTRIBUTION, ETC. (IMPRINT) | |
| Place of publication | Peabody, Mass. : |
| Name of publisher | Baker Academic , |
| Year of publication | c2010. |
| 300 ## - PHYSICAL DESCRIPTION | |
| Number of Pages | xxvi, 293 p. ; |
| 505 0# - FORMATTED CONTENTS NOTE | |
| Formatted contents note | Jesus and the leper (Mark 1:40-45) -- Jesus and Bartimaeus (Mark 10:46-52) -- Jesus and the friends of the paralytic (Mark 2:1-12) -- Jesus and the centurion (Q (Luke) 7:1, 3, 6b-9) -- Jesus and the Syrophoenician mother (Mark 7:26-30) -- Jesus and the father of a demonized boy (Mark 9:14-29) -- Jesus and his storm-tossed disciples (Mark 4:35-41) -- The sea-walking Jesus and his disciples (Mark 6:45-52). |
| 520 8# - SUMMARY, ETC. | |
| Summary, etc | "Calling on her almost encyclopedic knowledge of conditions in the first-century Mediterranean world, Professor Cotter discusses the miracle stories reported in the Gospel of Mark in terms of the likely reaction of contemporary people upon seeing them or hearing of them. This enables her to portray the Jesus of these stories in terms of his divine authority and power and also as an example of how his followers are to treat those to whom they proclaim the gospel. The book is an excellent source for both historical information and theological reflection; Paul J. Achtemeier" -- BACK COVER. |
| 650 ## - SUBJECT ADDED ENTRY--TOPICAL TERM | |
| Topical Term | Christology |
| -- | Character of Jesus Christ |
| 942 ## - ADDED ENTRY ELEMENTS (KOHA) | |
| Koha item type | Books |
| Home library | Current library | Shelving location | Date acquired | Full call number | Accession Number | Koha item type |
|---|---|---|---|---|---|---|
| Henry Martyn Institute Library | Henry Martyn Institute Library | General stacks | 11/28/2018 | 232.955 COT | 11003955 | Books |
| Henry Martyn Institute Library | Henry Martyn Institute Library | General stacks | 11/28/2018 | 232.955 COT | 11003956 | Books |
